Star Wars. Darth Bane - pravidlo dvou : příběh ze Staré republiky /
Darth Bane nalézá dokonalou učednici v Zannah, jež přes své mládí ovládá instinktivní spojení s temnou stranou. Pod Baneovým vedením se Zannah stane nepostradatelnou na tažení Sithů za zničením Jediů a ovládnutím galaxie. Jeden Jedi je však přesvědčen, že Sithové přežívají. Dokonce ani on však netuš...
Uloženo v:
| Série: | Star Wars,
část 2 |
|---|---|
| Hlavní autor: | |
| Další autoři: | |
| Médium: | E-kniha |
| Jazyk: | Czech |
| Vydáno: |
V Praze :
Egmont Publishing,
2017
|
| Vydání: | První vydání |
| Témata: | |
| Příbuzné jednotky: | Z cyklu::
Star Wars |
| Tagy: |
Žádné tagy |
| LEADER | 02699nam a2200505 i 4500 | ||
|---|---|---|---|
| 001 | 311323 | ||
| 003 | CZ PrSKC | ||
| 005 | 20260601215703.0 | ||
| 007 | ta | ||
| 008 | 170822s2017 xr g 000 f cze | ||
| 015 | |a cnb002928328 | ||
| 020 | |a 9788025239902 |q (brožováno) : |c Kč 299,00 | ||
| 035 | |a (OCoLC)1005711868 | ||
| 040 | |a BOA001 |b cze |d ABA001 |e rda | ||
| 041 | 1 | |a cze |h eng | |
| 072 | 7 | |a 821.111-3 |x Anglická próza, anglicky psaná |2 Konspekt | |
| 080 | |a 821.111(71)-31 |2 MRF | ||
| 080 | |a (0:82-311.9) |2 MRF | ||
| 100 | 1 | |a Karpyshyn, Drew, |d 1971- |7 xx0093606 |4 aut | |
| 240 | 1 | 0 | |a Darth Bane. |l Česky |
| 245 | 1 | 0 | |a Star Wars. |p Darth Bane - pravidlo dvou : příběh ze Staré republiky / |c Drew Karpyshyn ; z anglického originálu Star Wars - Darth Bane, rule of two přeložil Lubomír Šebesta |
| 246 | 3 | 0 | |a Darth Bane - pravidlo dvou |
| 246 | 3 | 0 | |a Pravidlo dvou |
| 250 | |a První vydání | ||
| 264 | 1 | |a V Praze : |b Egmont Publishing, |c 2017 | |
| 300 | |a 349 stran ; |c 18 cm | ||
| 336 | |a text |b txt |2 rdacontent | ||
| 337 | |a bez média |b n |2 rdamedia | ||
| 338 | |a svazek |b nc |2 rdacarrier | ||
| 500 | |a Na obálce nad názvem: legends | ||
| 520 | 2 | |a Darth Bane nalézá dokonalou učednici v Zannah, jež přes své mládí ovládá instinktivní spojení s temnou stranou. Pod Baneovým vedením se Zannah stane nepostradatelnou na tažení Sithů za zničením Jediů a ovládnutím galaxie. Jeden Jedi je však přesvědčen, že Sithové přežívají. Dokonce ani on však netuší nic o úžasných nových znalostech, které Bane objevil a jež ho učinily mnohem silnějšm, než si kdo dovede představit. Nakladatelská anotace. | |
| 520 | 2 | |a Druhý román ze subsérie Darth Bane ze světa Star Wars. Titulní hrdina v něm získává silnou mladou spolubojovnici. | |
| 521 | 8 | |a Pro čtenáře od 14 let | |
| 546 | |a Český text | ||
| 655 | 7 | |a kanadské romány (anglicky) |7 fd139325 |2 czenas | |
| 655 | 7 | |a vědecko-fantastické romány |7 fd133847 |2 czenas | |
| 655 | 9 | |a Canadian fiction (English) |2 eczenas | |
| 655 | 9 | |a science fiction novels |2 eczenas | |
| 700 | 1 | |a Šebesta, Lubomír |7 xx0084760 |4 trl | |
| 787 | 0 | 8 | |i Z cyklu: |t Star Wars |g 2 |
| 900 | |a ABA001 |b 21 | ||
| 044 | |a xr | ||
| 910 | |a RBIT002 | ||
| 998 | |d 317743 |a https://core.palmknihy.cz/api/books/317743/cover?si7pgj |b https://core.palmknihy.cz/api/books/317743/cover/400?si7pgj |c https://core.palmknihy.cz/api/books/317743/cover/50?si7pgj |e 2026-12-31 |g 352 |i 9788025239902 |j https://core.palmknihy.cz/api/books/317743/preview.epub |k https://core.palmknihy.cz/api/books/317743/preview.pdf |l |q 49 |r 1 |s https://www.palmknihy.cz/kniha/317743 |t ebook |y 2021 |z 0 |v Star Wars - Darth Bane |w 2 | ||
| 999 | |d 311321 | ||